Systémy riadenia (vybrané kapitoly)

Bibliographic Details
Main Author: Rybička, Jozef (Author)
Format: Book
Language:Slovak
PhysicalDescription:199 s. grafy, ilustr., tab. 4°
Published: Bratislava Košice Alfa VŠT 1971
Edition:1. vyd.
Series:Dočasné vysokoškolské učebnice
Subjects:

MARC

LEADER 00000cam a2200000 a 4500
001 vtls008341938
003 SK-MaSNL
005 20260301150840.0
008 230403s1971 xo da e n 000 0 slo
015 |a SNBA1971/11-02613 
035 |a SK01SNK19710034155 
035 |a urn:nbn:sk:snk-aml5ra 
035 |a urn:nbn:sk:snk-am008vcg 
035 |a 73C328BC-2549-4BD5-B04F-F6891D7284C3 
035 |a SKM000036618 
040 |a SNK  |b slo  |c SNK  |e AACR2 
041 0 |a slo 
044 |a xo  |c SK 
080 |a 62-52(075.8)  |2 1981 
080 |a 681.5(075.8)  |2 1981 
100 1 |a Rybička, Jozef  |4 aut  |9 418652 
245 1 0 |a Systémy riadenia  |b (vybrané kapitoly)  |c Jozef Rybička 
250 |a 1. vyd. 
260 |a Bratislava  |b Alfa  |a Košice  |b VŠT  |c 1971 
300 |a 199 s.  |b grafy, ilustr., tab.  |c 4° 
366 |e 150 výt. 
490 1 |a Dočasné vysokoškolské učebnice 
504 |a Bibliogr. odkazy 
650 0 7 |a automatické riadenie  |2 SNKPH  |9 67900 
655 7 |a učebnice vysokých škôl  |2 SNKPH  |9 70191 
830 0 |a Dočasné vysokoškolské učebnice  |9 278602 
852 |a Slovenská národná knižnica 
954 |a odborná, vedecká literatúra pôvodná (slovenská)  |2 lita 
958 |a OND 
958 |a NB 
958 |a EUIPO 
999 |c 784805  |d 786735 
952 |a SNK  |b SNK  |y PREZ  |7 0  |p 17A0890573  |o snkSB 17633  |i snkKSP 8184/71  |0 0  |1 0  |4 0  |d 2015-01-30  |f 1  |l 0  |r 2025-03-19 00:00:00  |w 2026-02-24 
952 |a SNK  |b SNK  |y VYP  |7 0  |o snkSB 17633 D1  |i snkKSP 8185/71  |0 0  |1 0  |4 0  |d 2015-01-30  |l 0  |r 2026-02-24 01:16:50  |w 2026-02-24 
952 |a SNK  |b SNK  |y VYP  |7 0  |o snkSB 17633 D2  |i snkD 2626/76  |0 0  |1 0  |4 0  |d 2015-01-30  |l 0  |r 2026-02-24 01:16:50  |w 2026-02-24